Faculty of Law Library — Cairo University

Official Online Catalog

International trust laws and analysis / (Record no. 56540)

MARC details
000 -LEADER
fixed length control field 01049cam a2200313 i 4500
003 - CONTROL NUMBER IDENTIFIER
control field EG-GICUC
005 - DATE AND TIME OF LATEST TRANSACTION
control field 20260121101719.0
008 - FIXED-LENGTH DATA ELEMENTS--GENERAL INFORMATION
fixed length control field 950831m2004 ne fr 000 0 eng d
020 ## - INTERNATIONAL STANDARD BOOK NUMBER
International Standard Book Number 904119830X
Qualifying information (vol. 1)
040 ## - CATALOGING SOURCE
Original cataloging agency DLC
Transcribing agency DLC
Language of cataloging eng
Modifying agency EG-GiCUC
Description conventions rda
050 00 - LIBRARY OF CONGRESS CALL NUMBER
Classification number K795
Item number .D53
082 00 - DEWEY DECIMAL CLASSIFICATION NUMBER
Classification number 341.79
Edition number 21
092 04 - LOCALLY ASSIGNED DEWEY CALL NUMBER (OCLC)
Edition number 21
099 ## - LOCAL FREE-TEXT CALL NUMBER (OCLC)
Classification number Law 11 2004
100 1# - MAIN ENTRY--PERSONAL NAME
Personal name Diamond, Walter H.
245 10 - TITLE STATEMENT
Title International trust laws and analysis /
Statement of responsibility, etc. Walter H. Diamond, Dorothy B. Diamond, John E. Sullivan.
Number of part/section of a work Volume 1
264 ## - PRODUCTION, PUBLICATION, DISTRIBUTION, MANUFACTURE, AND COPYRIGHT NOTICE
Place of production, publication, distribution, manufacture Netherlands :
Name of producer, publisher, distributor, manufacturer Kluwer law international,
Date of production, publication, distribution, manufacture, or copyright notice 2004.
300 ## - PHYSICAL DESCRIPTION
Extent 5 volumes (loose-leaf) ;
Dimensions 23 cm.
336 ## - CONTENT TYPE
Content type term text
Content type code txt
Source rdacontent
337 ## - MEDIA TYPE
Media type term Computer
Media type code n
Source rdamedia
338 ## - CARRIER TYPE
Carrier type term Online Resource
Carrier type code nc
Source rdacarrier
500 ## - GENERAL NOTE
General note Volume 1 (various Paging).
650 #0 - SUBJECT ADDED ENTRY--TOPICAL TERM
Topical term or geographic name entry element Trusts and trustees.
700 1# - ADDED ENTRY--PERSONAL NAME
Personal name Diamond, Dorothy B.,
Dates associated with a name 1919-
Relator term joint author.
700 1# - ADDED ENTRY--PERSONAL NAME
Personal name Kaplan, Barry A.,
Relator term joint author.
856 40 - ELECTRONIC LOCATION AND ACCESS
Uniform Resource Identifier <a href="https://fll.law.cu.edu.eg/fulltext/bks/ENGB11-00037.pdf">https://fll.law.cu.edu.eg/fulltext/bks/ENGB11-00037.pdf</a>
905 ## - Cataloger and Reviser Names
Cataloger Name: Hend El khosy
942 ## - ADDED ENTRY ELEMENTS (KOHA)
Source of classification or shelving scheme Dewey Decimal Classification
Koha item type Books
Edition 21
Suppress in OPAC No
Holdings
Withdrawn status Lost status Source of classification or shelving scheme Materials specified (bound volume or other part) Damaged status Not for loan Collection Home library Current library Date acquired Total checkouts Full call number Barcode Date last seen Copy number Price effective from Koha item type Public note
    Dewey Decimal Classification V1     القانون الدولي العام جــــامعة القــاهرة مكتبة كلية الحقوق - فـرع الشيخ زايد 12.01.2026   Law2 11 341.79 DI . I 2004 1100037 V1 , C1 ENGB11-00037 12.01.2026 1 12.01.2026 Books 1229

© All rights reserved — Faculty of Law, Cairo University